000 00709nam a22002297a 4500
003 UA-OsUOA
001 48098
007 ta
008 20070830b un ||||| |||| 00| 0 ukr d
100 _aБулаховська Ю.Л.
090 _a82.09
_bБ90
942 _cBK
040 _aUA-OsUOA
_bukr
_cUA-OsUOA
_dUA-OsUOA
245 _aТипологія польсько-російсько-українських літературних явищ 50-70-х років ХХ ст.
300 _a220 с.
955 _a2
041 _aukr
080 _a82.09
260 _aК.
_bНаукова думка
_c1982
650 7 _a82 Література. Літературознавство
_2UDC
999 _c334199
_d334199